How to read the Bible book by book : (Record no. 27239)
[ view plain ]
| 000 -LEADER | |
|---|---|
| fixed length control field | 00786nam a2200205 4500 |
| 008 - FIXED-LENGTH DATA ELEMENTS--GENERAL INFORMATION | |
| fixed length control field | 030811s2005 cc 000 0 chi |
| 020 ## - INTERNATIONAL STANDARD BOOK NUMBER | |
| International Standard Book Number | 7301093233 :RM24 |
| 090 ## - LOCALLY ASSIGNED LC-TYPE CALL NUMBER (OCLC); LOCAL CALL NUMBER (OCLC) | |
| Classification number (OCLC) (R) ; Classification number, CALL (RLIN) (NR) | BS617 |
| Local cutter number (OCLC) ; Book number/undivided call number, CALL (RLIN) | F32h |
| -- | 2005 |
| 100 1# - MAIN ENTRY--PERSONAL NAME | |
| Personal name | Fee, Gordon D. |
| 245 10 - TITLE STATEMENT | |
| Title | How to read the Bible book by book : |
| Remainder of title | a guided tour {ch} / |
| Statement of responsibility, etc | Gordon D. Fee and Douglas Stuart. |
| 260 ## - PUBLICATION, DISTRIBUTION, ETC. (IMPRINT) | |
| Place of publication, distribution, etc | Beijing |
| Name of publisher, distributor, etc | Peking University Press, |
| Date of publication, distribution, etc | 2005. |
| 300 ## - PHYSICAL DESCRIPTION | |
| Extent | 2,2,3,421 p. |
| 490 1# - SERIES STATEMENT | |
| Series statement | Wei ming yi ku. Jidu jiao wen hua yi cong = Weiming translation library. |
| 650 #4 - SUBJECT ADDED ENTRY--TOPICAL TERM | |
| Topical term or geographic name as entry element | Bible stories |
| General subdivision | Study and teaching {ch}. |
| 650 #4 - SUBJECT ADDED ENTRY--TOPICAL TERM | |
| Topical term or geographic name as entry element | Bible |
| General subdivision | Criticism, interpretation, etc. {ch}. |
| 650 #4 - SUBJECT ADDED ENTRY--TOPICAL TERM | |
| Topical term or geographic name as entry element | Bible |
| General subdivision | Reading {ch}. |
| 951 ## - EQUIVALENCE OR CROSS-REFERENCE-GEOGRAPHIC NAME/AREA NAME [OBSOLETE] [CAN/MARC only] | |
| General subdivision | 00033552 |
| 700 1# - ADDED ENTRY--PERSONAL NAME | |
| Personal name | Stuart, Douglas K. |
| 951 ## - EQUIVALENCE OR CROSS-REFERENCE-GEOGRAPHIC NAME/AREA NAME [OBSOLETE] [CAN/MARC only] | |
| -- | C-7767 |
| -- | BS617/F32h/2005 |
| -- | 070613111605203 |
| -- | 2000-12-21 |
| -- | CH |
| Withdrawn status | Lost status | Damaged status | Not for loan | Home library | Current library | Shelving location | Date acquired | Accession number | Shelving control number | Total Checkouts | Full call number | Barcode | Date last seen | Price effective from | Koha item type |
|---|---|---|---|---|---|---|---|---|---|---|---|---|---|---|---|
| BSOP Library | BSOP Library | Chinese Books (General Circulation) | 12/21/2000 | C-7767 | 127 | BS617/F32h/2005 | 00033552 | 02/23/2013 | 02/23/2013 | Books |
